| 000 | 00359nam a2200145Ia 4500 | ||
|---|---|---|---|
| 008 | 150201s1988 xx 000 0 und d | ||
| 082 |
_a617.51 _bD88M |
||
| 100 | _aMARAN,AGP | ||
| 245 | _aLOGAN TURNER DISEASES OF THE NOSE,THROAT AND EAR | ||
| 250 | _a10TH | ||
| 260 |
_bJAYPEE BROTHERS _aDELHI _c1988 |
||
| 300 | _a1-456 | ||
| 650 | _aE.N.T. | ||
| 942 |
_2ddc _cBK |
||
| 999 |
_c533 _d533 |
||